|
|
|
|
| LEADER |
00617cam a2200181 7i4500 |
| 001 |
0000017752 |
| 005 |
20060626090000.0 |
| 020 |
0 |
0 |
|a 0-609-60903-3
|
| 090 |
0 |
0 |
|a B 303.483
|b ENR
|
| 100 |
1 |
0 |
|a Enriquez
|
| 245 |
1 |
0 |
|a As the future catches you :
|b how genomics and other forces are changing your life, work, health and wealth.
|
| 260 |
0 |
0 |
|a New York:
|b Crown Business,
|c 2000.
|
| 300 |
# |
# |
|a 259 p.
|
| 650 |
0 |
0 |
|a Technology --
|x Social aspects
|
| 650 |
0 |
0 |
|a Gene mapping --
|x Social aspects
|
| 650 |
0 |
0 |
|a Civiilization, modern --
|x 21st Century
|
| 650 |
0 |
0 |
|a Genomics
|
| 999 |
|
|
|a B000019003
|b Book
|c Book
|e Business Information Centre
|